| 000 | 00490nam a22001577a 4500 | ||
|---|---|---|---|
| 003 | OSt | ||
| 005 | 20140311134813.0 | ||
| 008 | 130611t xxu||||| |||| 00| 0 eng d | ||
| 050 |
_aRC 564.5 _b.M878 1989 |
||
| 082 |
_aM 616.863 _bM83 1989 |
||
| 245 |
_aWhite Rabbit : _ba doctor's own story of addiction survival and recovery / _cMorrison, Martha A. |
||
| 260 |
_aNew York : _bBerkley Books, _c1989 |
||
| 300 |
_axiii, 257 p. : _bill. ; _c17 cm. |
||
| 942 |
_2lcc _cBK _kM |
||
| 999 |
_c35868 _d35868 |
||